000 00903nam a2200265 4500
003 DO-SdBNP
005 20161207120905.0
008 161207b1998 sp||||| |||| 00| 0 spa d
020 _a8480551550
040 _aBPMSU
_bspa
_cBPMSU
082 _a745.5
_bC968n
245 _aCulturito nuevas manualidades
246 3 3 _aNuevas manualidades
260 0 _aMadrid :
_bCultural ,
_c1998
300 _33 v. :
_bil. :
_c27 cm
505 0 _gv. 1.
_t La contura; la tela ; la lana; los muñecos ; la cuerda ; la rafia
_t
505 0 _gv. 2.
_tLas materias naturales ; el modelado ; el corcho ; la paja ; las marionetas
_t
505 _gv. 3.
_tEl papel ; la cartulina ; dibujar y pintar ; los envases ; el papel maché
650 4 _aARTESANIAS
650 4 _aARTE DECORATIVO
650 4 _aLITERATURA JUVENIL
910 _aValidado. Control de calidad MFF
942 _2ddc
_cBK
956 _adgarcia
999 _c12341
_d12341